000 00581 a2200157 4500
020 _a0071239367 (paperback)
020 _a9780071239363 (paperback)
090 _c4074
_d4074
100 1 _aRose, Peter S.
245 1 0 _aBank management and financial services with standard & poor's market insight and ethics in finance powerweb /
_cPeter S. Rose.
250 _a6th ed.
260 _a[S.l.] :
_bMcGraw Hill Education,
_c2004.
300 _a1 v. (unpaged)
856 4 0 _3Amazon.com
_uhttp://www.amazon.com/exec/obidos/ASIN/0071239367/chopaconline-20
942 _aNBS
_cBK
_k332.1068 ROS
999 _c346530
_d346530